000 00616nam a2200205Ia 4500
003 GCL
008 140319s9999 xx 000 0 ara d
040 _aGCL /
_cGCL
082 0 4 _a415.1
_bم ف
100 1 _aمصطفى حجازى
245 1 0 _aفى اصول اللغة /
_cمصطفى حجازى
700 1 _aضاحى عبدالباقى
260 _a[S.N] :
_bالهيئة العامة لشئون المطابع الاميرية ،
_c1983
300 _a389
490 _a
650 0 4 _aالنحو
650 0 4 _aاللغة العربية
650 0 4 _aمجمع اللغة العربية
942 _2ddc
_cBK
999 _c32054
_d32054